000 00522nam a2200181Ia 4500
008 151018s9999 xx 000 0 und d
082 _bRBASDV25160
_a891.463
100 _aशरदचंद्र पंडित
245 _aलालसा
250 _b1
260 _bपार्टनर
_c1994
300 _a163
600 _aशरदचंद्र पंडित
630 _aलालसा
700 _aशरदचंद्र पंडित
730 _aलालसा
942 _cBOOK
999 _c1024785
_d1024782